Geography Quiz

Random Geography or State Quiz

Farthest Bordering State Capitals Quiz Stats

 Plays Quiz not verified by Sporcle

Challenge
Share
Tweet
Embed
Score 0/25 Timer 09:00
0 Plays Today
Capitals % Correct
Phoenix, Arizona and Sacramento, California
93.8%
Austin, Texas and Santa Fe, New Mexico
90.5%
Austin, Texas and Baton Rouge, Louisiana
85.1%
Sacramento, California and Salem, Oregon
83.7%
Bismarck, North Dakota and Helena, Montana
80.5%
Cheyenne, Wyoming and Helena, Montana
78.3%
Helena, Montana and Pierre, South Dakota
77.2%
Boise, Idaho and Olympia, Washington
75.6%
Austin, Texas and Little Rock, Arkansas
72.9%
Carson City, Nevada and Phoenix, Arizona
72.1%
Carson City, Nevada and Salt Lake City, Utah
67.8%
Phoenix, Arizona and Salt Lake City, Utah
64.2%
Bismarck, North Dakota and St. Paul, Minnesota
63.1%
Capitals % Correct
Denver, Colorado and Lincoln, Nebraska
62.9%
Denver, Colorado and Topeka, Kansas
62.9%
Boise, Idaho and Cheyenne, Wyoming
58.8%
Cheyenne, Wyoming and Lincoln, Nebraska
54.2%
Denver, Colorado and Oklahoma City, Oklahoma
51.5%
Oklahoma City, Oklahoma and Santa Fe, New Mexico
51.2%
Carson City, Nevada and Salem, Oregon
48.8%
Nashville, Tennessee and Raleigh, North Carolina
44.2%
Nashville, Tennessee and Richmond, Virginia
41.5%
Frankfort, Kentucky and Jefferson City, Missouri
34.4%
Des Moines, Iowa and Pierre, South Dakota
32%
Frankfort, Kentucky and Richmond, Virginia
31.7%

You're not logged in!

Compare scores with friends on all Sporcle quizzes.
OR
Log In

You Might Also Like...

Show Comments

Extras

Top Quizzes Today


Score Distribution

Your Account Isn't Verified!

In order to create a playlist on Sporcle, you need to verify the email address you used during registration. Go to your Sporcle Settings to finish the process.

Report this User

Report this user for behavior that violates our Community Guidelines.

Details: